El obraje de Mixcoac (Record no. 6213)
[ view plain ]
| 000 -CABECERA | |
|---|---|
| campo de control de longitud fija | 01063nam a2200265 a 4500 |
| 001 - NÚMERO DE CONTROL | |
| campo de control | BRCA_6529 |
| 005 - FECHA Y HORA DE LA ÚLTIMA TRANSACCIÓN | |
| campo de control | 20190320205507.0 |
| 008 - DATOS DE LONGITUD FIJA--INFORMACIÓN GENERAL | |
| campo de control de longitud fija | 290911s2002----mx-a######---#000-0#spa-# |
| 020 ## - NÚMERO INTERNACIONAL ESTÁNDAR DEL LIBRO | |
| Número Internacional Estándar del Libro | 9685343160 |
| 041 ## - CÓDIGO DE LENGUA | |
| Código de lengua del texto/banda sonora o título independiente | spa |
| 050 #4 - SIGNATURA TOPOGRÁFICA DE LA BIBLIOTECA DEL CONGRESO | |
| Número de documento/Ítem | C37 2002 |
| 100 1# - ENTRADA PRINCIPAL--NOMBRE DE PERSONA | |
| Nombre de persona | Cárdenas Gutiérrez, Salvador |
| 9 (RLIN) | 16293 |
| 245 10 - MENCIÓN DE TÍTULO | |
| Título | El obraje de Mixcoac |
| Resto del título | en el siglo XVIII |
| Mención de responsabilidad, etc. | Salvador Cárdenas Gutiérrez. |
| 260 ## - PUBLICACIÓN, DISTRIBUCIÓN, ETC. | |
| Lugar de publicación, distribución, etc. | Guadalajara, Jalisco |
| Nombre del editor, distribuidor, etc. | Universidad Panamericana: Lindero |
| Fecha de publicación, distribución, etc. | 2002 |
| 300 ## - DESCRIPCIÓN FÍSICA | |
| Extensión | 195 p. |
| Otras características físicas | il. (algunas a color) |
| Dimensiones | 30 cm. |
| 500 ## - NOTA GENERAL | |
| Nota general | Incluye identificación de imágenes |
| 500 ## - NOTA GENERAL | |
| Nota general | Incluye piezas de la colección Franz Mayer: p. 53, 75, 87, 91, 100, 107, 123, 130, 132, 134, 135, 155, 165 y 170. |
| 500 ## - NOTA GENERAL | |
| Nota general | Donación Dra. Elsa Barberena |
| 504 ## - NOTA DE BIBLIOGRAFÍA, ETC. | |
| Nota de bibliografía, etc. | Bibliografía: p. 190-192. |
| 650 14 - PUNTO DE ACCESO ADICIONAL DE MATERIA--TÉRMINO DE MATERIA | |
| Término de materia o nombre geográfico como elemento de entrada | Arquitectura de edificios |
| Subdivisión geográfica | México |
| 9 (RLIN) | 16294 |
| 650 14 - PUNTO DE ACCESO ADICIONAL DE MATERIA--TÉRMINO DE MATERIA | |
| Término de materia o nombre geográfico como elemento de entrada | Edificios históricos |
| Subdivisión general | Conservación y restauración |
| Subdivisión geográfica | Mixcoac, (Ciudad de México) |
| 9 (RLIN) | 16295 |
| 650 14 - PUNTO DE ACCESO ADICIONAL DE MATERIA--TÉRMINO DE MATERIA | |
| Término de materia o nombre geográfico como elemento de entrada | Manufactura |
| Subdivisión general | Tejidos, artesanías, etc. |
| Subdivisión cronológica | Siglo XVI-XVIII |
| 9 (RLIN) | 16296 |
| 902 ## - CATALOGADOR | |
| Iniciales | DEB |
| 942 ## - ELEMENTOS DE PUNTO DE ACCESO ADICIONAL (KOHA) | |
| Fuente del sistema de clasificación o colocación | Library of Congress Classification |
| Tipo de ítem Koha | Libros |
| Estado de retiro | Estado de pérdida | Estado dañado | No para préstamo | Localización permanente | Ubicación/localización actual | Fecha de adquisición | Total de préstamos | Signatura topográfica completa | Código de barras | Fecha visto por última vez | Precio válido a partir de | Tipo de ítem Koha |
|---|---|---|---|---|---|---|---|---|---|---|---|---|
| El ejemplar forma parte de la colección y puede ser consultado según las políticas vigentes. | Biblioteca del Museo Franz Mayer (Rogerio Casas-Alatriste) | Biblioteca del Museo Franz Mayer (Rogerio Casas-Alatriste) | 29/09/2011 | C37 2002 | DEB00002 | 22/03/2019 | 22/03/2019 | Libros |